Şeytan Geçti (Record no. 2391)

000 -LEADER
fixed length control field 00475nam a22001817a 4500
008 - FIXED-LENGTH DATA ELEMENTS--GENERAL INFORMATION
fixed length control field 180903b xxu||||| |||| 00| j tur d
020 ## - INTERNATIONAL STANDARD BOOK NUMBER
International Standard Book Number 9786053750154
041 ## - LANGUAGE CODE
Language code of text/sound track or separate title Türkçe
050 ## - LIBRARY OF CONGRESS CALL NUMBER
Classification number PL248.T64
100 ## - MAIN ENTRY--PERSONAL NAME
Personal name Tohumcu, Aslı
9 (RLIN) 1251
245 ## - TITLE STATEMENT
Title Şeytan Geçti
250 ## - EDITION STATEMENT
Edition statement 1.Baskı
260 ## - PUBLICATION, DISTRIBUTION, ETC.
Place of publication, distribution, etc. İstanbul
Name of publisher, distributor, etc. İthaki Yayınları
Date of publication, distribution, etc. Mart 2010
300 ## - PHYSICAL DESCRIPTION
Extent 103 Sayfa
500 ## - GENERAL NOTE
General note İthaki Yayınları 662
Edebiyat 533
650 #0 - SUBJECT ADDED ENTRY--TOPICAL TERM
9 (RLIN) 145
Topical term or geographic name entry element Türk Edebiyatı
942 ## - ADDED ENTRY ELEMENTS (KOHA)
Source of classification or shelving scheme
Koha item type Books
Holdings
Withdrawn status Lost status Source of classification or shelving scheme Damaged status Not for loan Permanent Location Current Location Shelving location Date acquired Full call number Barcode Date last seen Price effective from Koha item type
        Ödünç verilemez İmren Ahmet Tüzün Kütüphanesi İmren Ahmet Tüzün Kütüphanesi Ahmet Tüzün 2018-09-03 PL248.T64 100100002352 2018-09-03 2018-09-03 Books

This software was implemented, installed and managed by Devinim Software Training Consulting .